[Event "Alava-ch Absoluto"]
[Site "Alava"]
[Date "2001.??.??"]
[Round "?"]
[White "Fernandez Betono, Carlos"]
[Black "Perez, Alvaro"]
[Result "0-1"]
[WhiteElo "2025"]
[BlackElo "1900"]
[PlyCount "100"]
[EventDate "2001.10.06"]
[EventType "swiss"]
[EventRounds "7"]
[EventCountry "ESP"]
[SourceTitle "CBM 085 Extra"]
[Source "ChessBase"]
[SourceDate "2002.01.21"]
[SourceVersion "1"]
[SourceVersionDate "2002.01.21"]
[SourceQuality "1"]

1. d4 Nf6 2. c4 g6 3. Nc3 d5 4. cxd5 Nxd5 5. e4 Nxc3 6. bxc3 Bg7 7. Be3 c5 8. Rc1 Qa5 9. Qd2 0-0 10. Nf3 Rd8 11. d5 b6 12. c4 Qa4 13. Bd3 Na6 14. 0-0 Nb4 15. Bb1 Ba6 16. Bh6 Rac8 17. Bxg7 Kxg7 18. Qc3+ Kg8 19. a3 b5 20. axb4 cxb4 21. Qc2 Qxc2 22. Bxc2 bxc4 23. Ba4 c3 24. Rfe1 Rc5 25. Nd4 Rb8 26. Bb3 Bc4 27. Ra1 Rb7 28. f3 Bxb3 29. Nxb3 Rcb5 30. Kf2 Rc7 31. Ke2 c2 32. Nd4 Rbb7 33. Nb3 Rc3 34. Na5 Rbc7 35. Kd2 b3 36. Nxb3 Rxb3 37. Rec1 Rb2 38. Ra6 Kf8 39. Rc6 Rxc6 40. dxc6 Ke8 41. Kc3 Rb6 42. Rxc2 Rxc6+ 43. Kb3 Rxc2 44. Kxc2 Kd7 45. Kb3 Kc6 46. Ka4 f5 47. exf5 gxf5 48. Ka5 e5 49. h4 e4 50. g4 exf3 0-1

[Event "Alava-ch Absoluto"]
[Site "Alava"]
[Date "2001.??.??"]
[Round "?"]
[White "Rodriguez Suarez, Francisco Javier"]
[Black "Fernandez Betono, Carlos"]
[Result "0-1"]
[WhiteElo "1710"]
[BlackElo "2025"]
[PlyCount "62"]
[EventDate "2001.10.06"]
[EventType "swiss"]
[EventRounds "7"]
[EventCountry "ESP"]
[SourceTitle "CBM 085 Extra"]
[Source "ChessBase"]
[SourceDate "2002.01.21"]
[SourceVersion "1"]
[SourceVersionDate "2002.01.21"]
[SourceQuality "1"]

1. c4 f5 2. Nf3 Nf6 3. d4 e6 4. g3 Bb4+ 5. Nbd2 d5 6. cxd5 exd5 7. a3 Bd6 8. Bg2 Nbd7 9. 0-0 0-0 10. Nb3 Ne4 11. Qd3 f4 12. Nfd2 Nef6 13. e4 fxe3 14. fxe3 Kh8 15. e4 dxe4 16. Nxe4 Nxe4 17. Rxf8+ Qxf8 18. Bxe4 Nf6 19. Bg2 c6 20. Bg5 h6 21. Bxf6 Qxf6 22. Rf1 Qe7 23. d5 cxd5 24. Bxd5 Bh3 25. Bg2 Rd8 26. Bxh3 Bc5+ 27. Nxc5 Qxc5+ 28. Kh1 Rxd3 29. Re1 Qd5+ 30. Bg2 Qd7 31. Rf1 Rd1 0-1